Úvod do obecné a speciální receptury pro praktická cvičení z farmakologie

Bibliographic Details
Main Author: Hadašová, Eva (Author)
Format: Book
Language:Undetermined
PhysicalDescription:105 s.
Published: Praha Státní pedagogické nakladatelství 1989

MARC

LEADER 00000nam a2200000 a 4500
001 vtls001273488
003 SK-MaSNL
005 20260416165140.0
008 240318s1989 xx 0 und
035 |a SNK000224657 
040 |a SNK  |b slo  |c SNK  |e AACR2 
100 1 |a Hadašová, Eva  |4 aut  |9 577320 
245 1 0 |a Úvod do obecné a speciální receptury pro praktická cvičení z farmakologie 
260 |a Praha  |b Státní pedagogické nakladatelství  |c 1989 
300 |a 105 s. 
958 |a OND 
999 |c 885603  |d 887533 
952 |t P60, <04>, [BOOK], {604}  |a SNK  |b SNK  |y VYP  |7 0  |p 17A0033954  |o snkIB 62047 D1  |0 0  |1 1  |4 0  |d 1997-01-27  |l 0  |r 2005-01-01 00:00:00  |w 2026-02-24